Sustainability reporting in Central and Eastern European companies international empirical insights

Bibliographic Details
Other Authors: Horváth, Péter (Editor), Pütter, Judith M. (Editor)
Format: Book
Language:English
PhysicalDescription:xxiii, 222 strán diagramy, grafy 24 cm
Published: Cham Springer [2017]
ISBN:9783319849393
9783319525785
ISSN:2511-2244
Edition:Softcover reprint of the hardcover 1st edition 2017
Series:MIR Series in International Business
Subjects:

MARC

LEADER 00000nam a2200000 4500
001 vtls011913251
003 SK-MaSNL
005 20260302060700.0
008 220509s2017 sz da fr 000 0 eng
015 |a SNBZSA2021/05 
020 |a 9783319849393  |q (brožované) 
020 |a 9783319525785  |q (eBook) 
035 |a urn:nbn:sk:snk-am00ggav 
035 |a urn:nbn:sk:snk-am3j6vn 
035 |a 8F9D71EB-D7CF-4432-BEDE-4E332D82A89F 
040 |a SNK  |b slo  |c SNK  |e rda 
041 0 |a eng 
044 |a sz  |c CH 
072 7 |a 658  |x Riadenie a správa podniku  |2 konspekt 
080 |a 658.114  |2 2011 
080 |a 339.13  |2 2011 
080 |a 316.422  |2 2011 
080 |a (048.8)  |2 2011 
080 |a (082)  |2 2011 
080 |a 502.131.1  |2 2011 
245 0 0 |a Sustainability reporting in Central and Eastern European companies  |b international empirical insights  |c Péter Horváth, Judith M Pütter, editors 
250 |a Softcover reprint of the hardcover 1st edition 2017 
264 1 |a Cham  |b Springer  |c [2017] 
264 4 |c ©2017 
300 |a xxiii, 222 strán  |b diagramy, grafy  |c 24 cm 
336 |a text  |b txt  |2 rdacontent 
337 |a bez média  |b n  |2 rdamedia 
338 |a zväzok  |b nc  |2 rdacarrier 
490 1 |a MIR Series in International Business  |x 2511-2244 
500 |a Obsahuje zoznam skratiek ; poznámky ; profesijné údaje o prispievateľoch na strane xix-xxiii 
504 |a Bibliografia za jednotlivými príspevkami 
650 0 7 |a podnikanie  |2 SNKPH  |9 1757 
650 0 7 |a trhy  |2 SNKPH  |9 2373 
650 0 7 |a udržateľný rozvoj  |2 SNKPH  |9 236336 
650 0 7 |a spoločenská zodpovednosť podnikov  |2 SNKPH  |9 101025 
650 0 7 |a Business  |2 SNKPHeng  |9 268171 
650 0 7 |a Markets  |2 SNKPHeng  |9 302684 
650 0 7 |a Globalization  |2 SNKPHeng  |9 310513 
650 0 7 |a Sustainable development  |2 SNKPHeng  |9 265066 
650 0 7 |a globalizácia  |2 SNKPH  |9 3615 
655 7 |a štúdie  |2 SNKPH  |9 57033 
655 7 |a zborníky  |2 SNKPH  |9 70165 
655 7 |a Studies  |2 SNKPHeng  |9 265573 
655 7 |a Papers of several authors  |2 SNKPHeng  |9 153738 
700 1 |a Horváth, Péter  |4 edt 
700 1 |a Pütter, Judith M.  |4 edt  |9 718619 
830 0 |a MIR Series in International Business  |9 558621 
919 |a 978-3-319-84939-3 
919 |a 978-3-319-52578-5 
958 |a ZS 
958 |a NB 
999 |c 1122166  |d 1124096 
952 |a SNK  |b SNK  |y PREZ  |7 0  |p 17A1445305  |o snkSC 191535  |i snk2020/23189  |8 4  |g 143.26  |0 0  |1 0  |4 0  |d 2020-01-24  |f 1  |l 0  |r 2025-10-08 00:00:00  |w 2026-02-24